| 000 | 00542nam a22002057a 4500 | ||
|---|---|---|---|
| 003 | OSt | ||
| 005 | 20140310182940.0 | ||
| 008 | 130204t xxu||||| |||| 00| 0 eng d | ||
| 020 | _a9177120064 | ||
| 050 |
_aPE 1408 _b.F363 1997 |
||
| 082 |
_aFIL 808.04219 _b.F39 1997 |
||
| 245 |
_aNew perspectives in English one _cFernando, Jovita Natividad |
||
| 260 |
_aManila _bRex Book Store _c1999 |
||
| 300 |
_ax, 198 p. _c23 cm. |
||
| 521 | _acollege students | ||
| 526 | _c1210L-1700L | ||
| 562 | _e1 | ||
| 942 |
_2lcc _cBK _kFIL |
||
| 999 |
_c17706 _d17706 |
||